Una mamma per amica - Statistics

Statistiche generali
  • Questo quiz è stato fatto 77 volte
    70 dall'ultimo reset
  • Il punteggio medio è 19 su 28
Statistiche sulle risposte
Hint Risposta % Corretto
Età della madre alla nascita della figlia 16
98%
Nome della protagonista Lorelai
98%
Dove andrà al college Yale
98%
Nome della figlia Rory
96%
cosa impone la nonna prima di dare il prestito Cene del venerdì sera/ cena/cena del venerdì sera
89%
Secondo ragazzo della figlia Jess
89%
per cosa chiedono, nella prima stagione un prestito ai nonni (nome della scuola) chilton
87%
dove la figlia vuole, dall'inizio della serie, andare al college Harvard
87%
Terzo ragazzo della figlia Logan
87%
Primo ragazzo della figlia Dean
85%
professione dell'amica Sookie Chef
83%
L'uomo che la madre sposerà nello spin off Luke
76%
fa tutti i lavori nella città, vive con la madre, ha un gatto con il suo stesso nome Kirk
74%
nome dell'amica coreana della figlia Lane Kim
74%
Padre della figlia Christopher
72%
macchina della madre (Marchio) Jeep
70%
Nome del cane comprato dalla madre Paul Anka
70%
Anno dello spin off "una mamma per amica, di nuovo insieme" 2016
65%
nome della locanda dove lavora la madre Indipendence Inn
65%
Proprietaria della scuola di danza Patty/ miss patty
65%
nome del gruppo di cui fa parte il terzo ragazzo Brigata della vita e della morte
57%
sindaco della città e proprietario del market Taylor
52%
nome della proprietaria della locanda Mia
48%
nome del gatto di Babette che morirà nei primi episodi Cinnamon
43%
professione del nonno Gilmore assicuratore
37%
autobiografia pubblicata nel 2024 dall'attrice di Emily Gilmore the third gilmore girl
26%
nome della società da lui fondata Gilmore Group
24%
Nome dell'ultima cameriera di Emily nello spin off Berta
13%
Nessun quiz corrispondente trovato
Distribuzione punteggi
Percentuale di utenti per punteggio
Percentile per numero di risposta
I tuoi punteggi nel tempo
Non hai fatto questo quiz dall'ultimo reset